[Event "Tarragona Province-chB"]
[Site "L'Hospitalet Infant"]
[Date "2016.11.06"]
[Round "6"]
[White "Recasens Recasens, Josep"]
[Black "Garcia Verges, Santiago"]
[Result "1-0"]
[WhiteElo "1608"]
[BlackElo "1700"]
[PlyCount "123"]
[EventDate "2016.10.02"]
[EventType "swiss"]
[EventRounds "9"]
[EventCountry "ESP"]
[SourceTitle "EXT 2018"]
[Source "ChessBase"]
[SourceDate "2017.10.13"]
[SourceVersion "1"]
[SourceVersionDate "2017.10.13"]
[SourceQuality "1"]

1. Nf3 Nf6 2. c4 e6 3. Nc3 b6 4. b3 c5 5. Bb2 Bb7 6. e3 Nc6 7. Be2 Be7 8. 0-0 0-0 9. a3 d5 10. d4 Rc8 11. dxc5 bxc5 12. cxd5 exd5 13. Qc2 a6 14. Rfd1 Qc7 15. Rac1 d4 16. exd4 cxd4 17. Nxd4 Qf4 18. Nf3 Rfd8 19. Rxd8+ Bxd8 20. Rd1 Bb6 21. Bc1 Qb8 22. Bc4 Ne5 23. Nxe5 Qxe5 24. Na4 Ba7 25. Bb2 Qg5 26. g3 Ne4 27. Bd4 Bxd4 28. Rxd4 h5 29. h4 Qe7 30. Nb6 Rc7 31. Nd5 Bxd5 32. Rxd5 Nf6 33. Rd3 g6 34. Re3 Qf8 35. Qxg6+ Qg7 36. Qxg7+ Kxg7 37. a4 Ng4 38. Re2 a5 39. f3 Nf6 40. Re5 Ra7 41. Kf2 Kh6 42. Ke2 Kg7 43. Kd3 Kg6 44. Kc3 Ng8 45. Rg5+ Kh7 46. Rxh5+ Kg7 47. Rg5+ Kf8 48. g4 Ne7 49. h5 f6 50. Rb5 Kg7 51. f4 Ng8 52. Bxg8 Kxg8 53. g5 fxg5 54. fxg5 Kg7 55. Rb6 Rc7+ 56. Kd4 Rf7 57. h6+ Kf8 58. g6 Rf5 59. Rb7 Rg5 60. Rb8+ Ke7 61. g7 Kf7 62. Rf8+ 1-0